Statistics for Songs with the Same Names

Click here to take the quiz!

General Stats

  • This quiz has been taken 48 times
  • The average score is 5 of 10

Answer Stats

SongYearArtist% Correct
Hello2015Adele
88%
Jump1984Van Halen
75%
It's My Life2000Bon Jovi
68%
Hello1983Lionel Richie
65%
One2005U2, Mary J. Blige
65%
Jump1992Kriss Kross
33%
The Power of Love1993Celine Dion
28%
The Power of Love1984Frankie Goes To Hollywood
28%
One1988Metallica
23%
It's My Life2003No Doubt
20%

Score Distribution

Percentile by Number Answered

Percent of People with Each Score

Your Score History

You have not taken this quiz